=LDR 00000nam 2200000 4500 =001 INLIS000000000038455 =005 20130612144125 =008 ***********************************Ind** =035 ##$$a0010-061300000038455 =041 ##$$a Ind =082 ##$$a 618.2 =090 ##$$a 618.2, Dew a =100 ##$$a Dewi, Supri Marlinda =245 ##$$a Ampuhnya berpikir positif bagi ibu hamil dan janin, Supri Marlinda Dewi; Penyunting, Muji dan Nina =260 ##$$a 2011 $b Yogyakata =300 ##$$a 200 hlm, Ilus. 9 cm =650 ##$$a Kandungan =850 ##$$a NBPNMAT =990 ##$$a 0001/BPAP-NTB/20142014